000 01040nam0a2200289 4500
001 RU\NLR\bibl\479328
005 20250623192226.0
010 _a5-94799-276-0
_95000
021 _aRU
_b2003-61203
_92996
035 _a(NLR Aleph) 000472278
090 _a1001243
_c1001243
100 _a20040113d2003 |||y0rusy50 ca
101 1 _arus
_ceng
102 _aRU
105 _ay |||||||||
200 1 _aСердце ангела
_eРоман
_fУильям Хьертсберг
_g[Пер. с англ. О. Исаевой]
210 _aЕкатеринбург
_cУ-Фактория
_d2003
215 _a332, [1] с.
_d19
225 1 _aNOIR
_fСост. и общ. ред. Г. Толстяков
_v002
300 _aЗагл. сер. также: Серия Нуар
686 _aШ6(7США)67-440.4{Лх1979-50}
700 1 _4070
_7ca
_8rus
_aХьёртсберг
_bУ.
_f1941-2017
_gУильям
_9228328
_3RU\NLR\AUTH\770228384
801 0 _aRU
_bNLR
_c20040113
_gPSBO
801 1 _aRU
_bNLR
_c20040113
942 _cBOOK
980 _aNB